World Capital Cities containing the letter 'F' - Statistics

General Stats
  • This quiz has been taken 575 times
  • The average score is 3 of 5
Answer Stats
Hint Answer % Correct
8 letters in Oceania funafuti
87%
8 letters in Africa freetown
68%
9 letters nuku'alofa
40%
5 letters sofia
38%
12 letters bloemfontein
27%
No matching quizzes found
Score Distribution
Percent of People with Each Score
Percentile by Number Answered
Your Score History
You have not taken this quiz